| 000 | 00359nam a2200145Ia 4500 | ||
|---|---|---|---|
| 005 | 20251222144857.0 | ||
| 008 | 251222s9999||||xx |||||||||||||| ||spa|| | ||
| 020 | _a849000899 | ||
| 082 | _a463/C86 | ||
| 100 | _aCovarrubias, SebastiƔn de | ||
| 245 | 0 | _aTesoro de la Lengua Castellano EspaƱola | |
| 250 | _a3ra. ed. | ||
| 264 | _bAlta Fulla | ||
| 942 | _cLIB | ||
| 999 |
_c21842 _d21842 |
||